=LDR 00000nam 2200000 4500 =001 INLIS000000000004581 =005 20250805012108 =035 ##$$a 0010-0825000010 =007 ta =008 250805###########################0#ind## =082 ##$$a 3.304,660 6 =084 ##$$a 3.304,660 6 BAD l =245 1#$$a LAPORAN KEPALA BADAN KOORDINASI KELUARGA BERENCANA NASIONAL TENTANG PERKEMBANGAN PROGRAM KELUARGA BERENCANA NASIONA : $b - /$c Badan Koordinasi Keluarga Berencana Nasional =250 ##$$a Pertama =260 ##$$a Jakarta :$b Badan Koordinasi Keluarga Berencana Nasional,$c 1986 =300 ##$$a 143 halaman : $b - ; $c 21 cm$e - =650 #4$$a Program KB =110 #$$a Badan Koordinasi Keluarga Berencana Nasional =856 ##$$a Perpustakaan BKKBN